000 00284nam a2200109Ia 4500
008 190914s9999||||xx |||||||||||||| ||und||
100 _aPerrone,paul j.
245 0 _aBulding Java Enterprise Systems with J2ee
260 _aCanada
_bTata McGraw Hill
_c2004
300 _a399
942 _cBK
999 _c9699
_d9699